000 00532cam a2200205ua 4500
001 9825
005 20260515114528.0
008 161019n ii |||gr||||Z||||||eng
020 _a9788183579810
040 _cMAIN
041 _aeng
082 _a823
100 _aBronte, Emily,
_eAuthor.
245 _aWuthering heights :
_ba critical evaluation /
_cBy Emily Bronte & ed. by S Sen .
260 _aNew Delhi:
_bUnique publishers.
300 _a294p.
653 _aEnglish fiction
700 _aSen, S,
_eAuthor.
942 _cBK
999 _c8827
_d8827